000 00929nam0a22002771 4500
001 rc\3279872
005 20250609173141.0
021 _aRU
_b69-81300
021 _aRU
_bРг733-70
035 _a(NLR Aleph) 007397432
090 _a6676297
_c6676297
100 _a20130115d1969 |||y0rusy50 ca
101 1 _arus
_ctat
102 _aRU
105 _ay z |||a|
200 1 _aБуран
_eДрама
_eВ 3 д.
_fПер. с татар. и сцен. ред. Николая Вирты
_gОтд. распространения драм. произведений ВУОАП
210 _aМосква
_cБ. и.
_d1969
215 _a61 л.
_d28
309 _aОтпеч. множит. аппаратом
700 1 _aШагалиев
_bШ.
_f1920-
_gШамиль
702 1 _aВирта
_bН.
_gНиколай
_4730
_4340
801 0 _aRU
_bNLR
_gpsbo
801 1 _aRU
_bELAR
_2rusmarc
852 _aNLR
_j69-8/1801
942 _cBOOK
980 _aNB